000 00731nam a22001577a 4500
005 2012021600430.0
020 _c280.00
_a8124602104
035 _aB-88651
037 _aDPL
_bENG
100 _aTattvavidananda Saraswati
_944414
245 _aSri Daksinamurti Stotram of Sri Sankaracarya/
_cby Tattvavidananda
260 _aNew Delhi
_bD.K. Printworld (P) Ltd.
_c2002
300 _a xi,164p.
_c23 cms.
942 _2ddc
_cEN
_h230.45
_mTAT
999 _c64461
_d64461